Zur frage nach den älteren wohnsitzen der obugrischen völker

Elmentve itt :
Bibliográfiai részletek
Szerző: Kannisto Artturi
Dokumentumtípus: Cikk
Megjelent: 1927
Sorozat:Finnisch-ugrischen Forschungen
Kulcsszavak:Ugor népek - folklór
Tárgyszavak:
Online Access:http://misc.bibl.u-szeged.hu/65868
LEADER 00826nab a2200253 i 4500
001 misc65868
005 20220929085539.0
008 220504s1927 hu o 0|| ger d
040 |a SZTE Miscellanea Repozitórium  |b hun 
041 |a ger 
041 |a fiu 
100 1 |a Kannisto Artturi 
245 1 4 |a Zur frage nach den älteren wohnsitzen der obugrischen völker  |h [elektronikus dokumentum] /  |c  Kannisto Artturi 
260 |c 1927 
300 |a p. 56-84.  |c 22 cm 
490 0 |a Finnisch-ugrischen Forschungen 
561 |a Németh Gyula hagyaték 
591 |a NOU 2629 
650 4 |a Társadalomtudományok 
650 4 |a Szociológia 
650 4 |a Bölcsészettudományok 
650 4 |a Nyelvek és irodalom 
695 |a Ugor népek - folklór 
856 4 0 |u http://misc.bibl.u-szeged.hu/65868/1/2629_nou_k14.pdf  |z Dokumentum-elérés